| 000 | 00771cam a2200217 i 4500 | ||
|---|---|---|---|
| 005 | 20251125101846.0 | ||
| 008 | 250721s2008 jo gr 000 0 ara d | ||
| 020 | _a9789957462741 | ||
| 082 | 1 | 4 |
_a211.63 _bه و د |
| 100 | 1 |
_aهودلي، سعيد مفلح _eمؤلف. |
|
| 245 | 1 | 0 |
_aآيات قرآنية في الآفاق والأنسان / _cالمهندس سعيد مفلح هودلي. |
| 250 | _aالطبعة الأولى. | ||
| 264 | 3 | 1 |
_aعمان : _bدار المأمون للنشر والتوزيع، _c2009. |
| 300 | _aالجزء 1. | ||
| 650 | 1 | 7 | _aالقرآن الكريم. |
| 650 | 1 | 7 | _aالآيات القرآنية. |
| 650 | 1 | 7 | _aإعجاز القرآن. |
| 650 | 1 | 7 | _aالإسلام. |
| 942 |
_2ddc _cBK |
||
| 999 |
_c118235 _d118235 |
||